000 04953nam a2201825Ii 4500
001 1098299664
003 PE-LiUPU
005 20250813170014.0
008 190425s2018 mduao 000 0 eng d
020 _a9780828028295
040 _aPE-LiUPU
_bspa
_erda
_cPE-LiUPU
082 _223
_a613
_bH236c
090 _aRA776
_b.H36 2018
100 1 _aHandysides, Allan R.,
_eautor.
245 1 0 _aCelebrations /
_cAllan R. Handysides, Peter N. Landless, Fred G. Hardinge, Kathleen Kiem Hoa Oey Kuntaraf and Stoy Proctor ; editado por Sandra Blackmer y Tim Lale.
246 1 4 _aCelebrations: living life to the fullest
264 1 _aSilver Spring, Maryland :
_bAdventist Review Ministries :
_bReview and Herald Publishing Association,
_c2018.
300 _a79 páginas :
_bilustraciones a color, fotografías ;
_c18 centímetros.
336 _atext
_btxt
_2rdacontent.
337 _aunmediated
_bn
_2rdamedia.
338 _avolume
_bnc
_2rdacarrier.
505 _aLet's celebrate choices -- Let's celebrate exercise -- Let's celebrate liquids -- Let's celebrate environment -- Let's celebrate belief -- Let's celebrate rest -- Let's celebrate air -- Let's celebrate temperance -- Let's celebrate integrity -- Let's celebrate optimism -- Let's celebrate nutrition -- Let's celebrate social support.
520 _aThis excellent Celebration book embraces the evidence-based principles of healthful living based on the Bible and the writings of Ellen White those who adopt the Adventist health philosophy outlined in this compact, easy read book will experience improved whole-person health and the 'joy of living well.' Celebrations is a proven formula for healthier, happier living. No tricks, no gimmicks-just good sense and good counsel from the Bible and science. Use the straightforward advice of the expert doctors and nutritionists at Adventist Health Ministries to live the abundant life that Jesus wishes for you.
526 _aP203
526 _aP200
526 _aSEG65
526 _aSEG64
526 _aSEG63
526 _aSEG62
526 _aSEG61
526 _aSEG60
526 _aSEG59
526 _aSEG58
526 _aSEG57
526 _aSEG56
526 _aSEG55
526 _aSEG54
526 _aSEG53
526 _aSEG52
526 _aSEG51
526 _aSEG50
526 _aSEG49
526 _aSEG48
526 _aSEG47
526 _aSEG46
526 _aSEG24
526 _aSEG23
526 _aSEG22
526 _aSEG21
526 _aSEG20
526 _aSEG19
526 _aSEG18
526 _aSEG17
526 _aSEG16
526 _aSEG14
526 _aSEG13
526 _aSEG12
526 _aSEG11
526 _aSEG10
526 _aSEG09
526 _aSEG06
526 _aSEG05
526 _aSEG04
526 _aSEG03
526 _aSEG02
526 _aSEG68
526 _aSEG66
526 _aSEG45
526 _aSEG25
526 _aSEG01
526 _aP163
526 _aP162
526 _aP161
526 _aP160
526 _aP159
526 _aP158
526 _aP157
526 _aP156
526 _aP155
526 _aP154
526 _aP153
526 _aP152
526 _aP151
526 _aP150
526 _aP149
526 _aP142
526 _aP141
526 _aP140
526 _aP139
526 _aP138
526 _aP137
526 _aP132
526 _aP131
526 _aP130
526 _aP126
526 _aP125
526 _aP124
526 _aP123
526 _aP115
526 _aP122
526 _aP121
526 _aP116
526 _a P114
526 _aP112
526 _aP111
526 _aP104
526 _aP103
526 _aP102
526 _aP101
526 _aP100
526 _aP96
526 _aP95
526 _aP93
526 _aP92
526 _aP91
526 _aP88
526 _aP83
526 _aP82
526 _aP79
526 _aP78
526 _aP75
526 _aP74
526 _aP71
526 _aP69
526 _a P51
526 _aP49
526 _aP48
526 _aP47
526 _aP33
526 _aP31
526 _a P30
526 _aP29
526 _aP27
526 _aP26
526 _aP25
526 _aP24
526 _a P22
526 _aP10
526 _aP09
526 _a P08
526 _aP06
526 _aP05
526 _aP04
526 _aP01
650 0 _aSalud
_9927
650 0 _aPromoción de la salud
_9928
700 1 _aLandless, Peter N.,
_eauthor.
700 1 _aHardinge, Fred G.,
_eauthor.
700 1 _aKuntaraf, Kathleen Kiem Hoa Oey,
_eauthor.
700 1 _aProctor, Stoy,
_eauthor.
700 1 _aBlackmer, Sandra,
_eeditor.
700 1 _aLale, Tim,
_eeditor.
942 _2ddc
_cBK
_n0
999 _c61701
_d61701
980 _618226
_aJaime Vilcazán Jefe de Análisis Documental
_81
_gALBERTO SANCHEZ Responsable de Automatización